A course on group theory
Αποθηκεύτηκε σε:
| Κύριος συγγραφέας: | |
|---|---|
| Μορφή: | Βιβλίο |
| Γλώσσα: | English |
| Δημοσίευση: |
New York :
Dover publications,
1994
|
| Σειρά: | Dover books on advanced mathematics
|
| Θέματα: | |
| Ετικέτες: |
Προσθήκη ετικέτας
Δεν υπάρχουν, Καταχωρήστε ετικέτα πρώτοι!
|
MARC
| LEADER | 00000nam a2200000 i 4500 | ||
|---|---|---|---|
| 001 | 1/46236 | ||
| 008 | 980610s1994 eng d | ||
| 020 | |a 0-486-68194-7 | ||
| 035 | |l 10042744 | ||
| 040 | |a GR-MY-UA |b gre |e aacr | ||
| 041 | 0 | |a eng | |
| 082 | 0 | |a 512.2 | |
| 100 | 1 | |a Rose, John S. |d 1938- | |
| 245 | 1 | 2 | |a A course on group theory / |c John S. Rose |
| 260 | |a New York : |b Dover publications, |c 1994 | ||
| 300 | |a ix, 310 p.; |b ill.; |c 22 cm. | ||
| 490 | 1 | |a Dover books on advanced mathematics | |
| 500 | |a Includes bibliography and indexes | ||
| 650 | 0 | 0 | |a Group theory. |
| 830 | 0 | |a Dover books on advanced mathematics | |
| 852 | |a INST |b SAMOS |e 19980610 |h 512.2 ROS |p 005300011295 |q 005300011295 |t BK |y 0 | ||
| 852 | |a INST |b SAMOS |e 19980610 |h 512.2 ROS |p 005300011298 |q 005300011298 |t BK |y 0 | ||
| 901 | |a BIBL-1998-2 | ||
| 909 | |a Σ |b 056916 | ||
| 909 | |a Σ |b 056917 | ||
| 922 | |a 3ΕΛΗ |b 199805 |c ΚΠΣ |d ΠΑΠΑΣΩΤΗΡΙΟΥ | ||